Acuerdos de asociación ¿Un nuevo capítulo en las relaciones América Latina-Unión Europea?
El texto que presenta la autora trata el tema principal de la integración en América Latina y el Caribe, ofrece un recorrido panorámico de la etapa más reciente de las relaciones América Latina-Unión Europea. Esta etapa se inauguró en 1999, en la primera Cumbre de jefes de estado y Gobierno Unión Eu...
保存先:
| 第一著者: | |
|---|---|
| フォーマット: | テキスト |
| 出版事項: |
Bogotá:
Plataforma Interamericana de Derechos Humanos,
Democracia y Desarrollo
|
| 主題: | |
| タグ: |
タグ追加
タグなし, このレコードへの初めてのタグを付けませんか!
|
MARC
| LEADER | 00000 a a2200000 04500 | ||
|---|---|---|---|
| 001 | 38941 | ||
| 003 | |||
| 040 | |||
| 020 | |a 978-958-98563-3-8 | ||
| 022 | |a 978-958-98563-3-8 | ||
| 090 | |a 0001 C367a | ||
| 100 | |a Castro García, Lourdes | ||
| 245 | |a Acuerdos de asociación |b ¿Un nuevo capítulo en las relaciones América Latina-Unión Europea? | ||
| 260 | |a Bogotá: |b Plataforma Interamericana de Derechos Humanos, |c Democracia y Desarrollo | ||
| 300 | |a 198 páginas | ||
| 520 | |a El texto que presenta la autora trata el tema principal de la integración en América Latina y el Caribe, ofrece un recorrido panorámico de la etapa más reciente de las relaciones América Latina-Unión Europea. Esta etapa se inauguró en 1999, en la primera Cumbre de jefes de estado y Gobierno Unión Europea-América Latina y el Caribe, realizada en Río de Janeiro. Se trata, en este camino, de aproximar a lector a las percepciones, rasgos, contradicciones, complejidades e incertidumbres de una relación birregional marcadamente asimétrica, en un contexto de profundas transformaciones en las regiones involucradas y de reconfiguraciones a escala mayor | ||
| 650 | |a ACUERDOS INTERNACIONALES | ||
| 650 | |2 Macrothesaurus de la OCDE/ | ||
| 650 | |a RELACIONES INTERNACIONALES | ||
| 650 | |2 Macrothesaurus de la OCDE/ | ||
| 650 | |a TLC | ||
| 650 | |2 Listado Unificado del CIDCACS/ | ||
| 650 | |a AMERICA LATINA | ||
| 650 | |2 Macrothesaurus de la OCDE/ | ||
| 999 | |c 789 |d 789 | ||



